000 00554nam a2200145Ia 4500
008 100204s9999 xx 000 0 und d
082 _b10086
100 _aकेळकर ग. म.
245 _aयुध्द - कथा एल्गार एल्गार
260 _b"श्रीशक्ति प्रकाशन, पुणे"
_c1981
300 _a94
630 _aयुध्द - कथा एल्गार एल्गार
730 _aयुध्द - कथा एल्गार एल्गार
942 _cBOOK
999 _c454522
_d454519